Problèmes non-linéaires /

Guardado en:
Autor Principal: Browder, Felix E.
Formato: Libro
Idioma:French
Publicado: Montréal : Presses de l'Université de Montréal, 1966.
Series:Séminaire de mathématiques supérieures ; 15
Etiquetas: Agregar Etiqueta
Sin Etiquetas, Sea el primero en etiquetar este registro!
LEADER 00846nam a22002055 4500
001 MAT.inmabb001917
008 840628s1966####quc######b####000#0#fre#d
005 20170622160539.0
245 1 0 |a Problèmes non-linéaires /  |c par Felix E. Browder. 
260 |a Montréal :  |b Presses de l'Université de Montréal,  |c 1966. 
300 |a 157 p. ;  |c 28 cm. 
440 0 |a Séminaire de mathématiques supérieures ;  |v 15 
500 |a Cab. de portada: Université de Montréal. Département de mathématiques. 
500 |a "Notes du cours donné ... à la 4e session du Séminaire de mathématiques supérieures de l'Université de Montréal, tenue l'été 1965." 
504 |a Bibliografía: p. [149]-153. 
510 4 |a MR,  |c 40 #3380 
100 1 |a Browder, Felix E. 
084 |a 47.80 (35.00)  |2 MR 
010 |a  67106284  
859 |h 47  |i B877  |p A-3195  |b BIB. MATEMATICA